Koszykarze z Azji w NBA - Statystyki

Ogólne statystyki
  • Ten quiz został rozwiązany 70 razy
  • Średni wynik to 4 z 8
Statystyki odpowiedzi
Kraj % Poprawnych
Chiny
98%
Japonia
95%
Filipiny
52%
Iran
42%
Turcja
36%
Gruzja
34%
Izrael
34%
Liban
11%
Nie znaleziono quizów pasujących do podanych kryteriów
Rozkład punktacji
Procent ludzi z każdym wynikiem
Percentyl według liczby udzielonych odpowiedzi
Twoja historia wyników
Nie rozwiązałeś tego quizu